000 01087nam a2200229Ia 4500
999 _c39377
_d39377
001 5966
003 GE_BSU
005 20191029150329.0
008 181216s2012||||ge |||||||||||||| ||geo||
040 _cGE_BSU
041 _ageo
080 _a008(075.8)+7(09) მ-75
100 _aმიშველაძე, რევაზ
_93537
245 _aკულტურა და თანამედროვეობა :
_bკულტუროლოგია. სახელმძღვანელო /
_cრევაზ მიშველაძე; რედ. იგორ კვესელავა.
264 _aთბილისი,
_c2012.
300 _a300 გვ. ;
_b20 სმ.
653 _aკულტურა
653 _aხელოვნება
700 _aკვესელავა, იგორ
_eრედაქტორი
_95078
710 _aსაქ. ტექ.უნივერსიტეტი, საზ.მეც. დეპარტამენტი, კულტუროლოგიის სექტორი
_95079
942 _cBK
_2udc